[Event "Madrid-ch Previa-A"]
[Site "Madrid"]
[Date "2010.11.24"]
[Round "8"]
[White "Hernandez del Can, Jose Alberto"]
[Black "Gonzalo Gonzalez, Francisco"]
[Result "1-0"]
[WhiteElo "1726"]
[BlackElo "1764"]
[PlyCount "91"]
[EventDate "2010.11.10"]
[EventType "swiss"]
[EventRounds "9"]
[EventCountry "ESP"]
[SourceTitle "EXT 2012"]
[Source "ChessBase"]
[SourceDate "2011.11.24"]
[SourceVersion "1"]
[SourceVersionDate "2011.11.24"]
[SourceQuality "1"]

1. c4 c5 2. Nc3 Nc6 3. Nf3 Nf6 4. d4 cxd4 5. Nxd4 g6 6. e3 Bg7 7. Be2 0-0 8. 0-0 d6 9. h3 Ne5 10. b3 Bd7 11. Nf3 Qc8 12. Nxe5 dxe5 13. Bb2 e4 14. Rb1 b6 15. Nd5 Nxd5 16. Qxd5 Bc6 17. Qd1 e5 18. Qc2 f5 19. Rbd1 Qb7 20. Rd2 f4 21. Rfd1 fxe3 22. fxe3 Bh6 23. Qc3 Qf7 24. Rf1 Qe7 25. Kh1 Rxf1+ 26. Bxf1 Re8 27. Rd1 Qc5 28. Bc1 Rf8 29. b4 Qe7 30. b5 Bd7 31. Ba3 Rxf1+ 32. Rxf1 Qg5 33. Qb4 Qd8 34. Qd6 Qc8 35. Qd5+ Be6 36. Qxe4 Bxh3 37. Qh4 Bxg2+ 38. Kxg2 Bg7 39. Qe4 Kh8 40. Bd6 Qe8 41. Qd5 h5 42. Rf7 h4 43. Rxg7 Kxg7 44. Qxe5+ Qxe5 45. Bxe5+ Kf7 46. Bb8 1-0

[Event "Madrid Oliver Gonzalez Memorial 1st"]
[Site "Madrid"]
[Date "2010.10.14"]
[Round "6"]
[White "Gonzalo Gonzalez, Francisco"]
[Black "Alonso Garuti, Luis Eugenio"]
[Result "0-1"]
[WhiteElo "1784"]
[BlackElo "1957"]
[PlyCount "92"]
[EventDate "2010.10.09"]
[EventType "swiss"]
[EventRounds "9"]
[EventCountry "ESP"]
[SourceTitle "CBM 138 Extra"]
[Source "ChessBase"]
[SourceDate "2010.10.29"]
[SourceVersion "1"]
[SourceVersionDate "2010.10.29"]
[SourceQuality "1"]

1. e4 c5 2. Nf3 Nc6 3. c3 d5 4. exd5 Qxd5 5. d3 Bf5 6. Be2 Rd8 7. c4 Qd7 8. 0-0 Bxd3 9. Nc3 Bxe2 10. Qxe2 Nd4 11. Nxd4 cxd4 12. Nd5 Nf6 13. Rd1 Nxd5 14. Rxd4 Qc6 15. cxd5 Rxd5 16. Rxd5 Qxd5 17. Be3 a6 18. Rd1 Qxa2 19. Qd3 f6 20. Qd7+ Kf7 21. Qxb7 h5 22. b3 h4 23. Bc5 Rh5 24. Qb6 Qc2 25. Re1 Qxc5 26. Qxa6 Qb5 27. Qe6+ Kg6 28. Re4 Qd5 29. Rg4+ Kh7 30. Qe2 Qf5 31. h3 e6 32. Re4 Bd6 33. Rxe6 Qb1+ 34. Qe1 Qxe1+ 35. Rxe1 Rb5 36. Re3 Re5 37. Rxe5 Bxe5 38. b4 Kg6 39. Kf1 Kf5 40. Ke2 Ke4 41. b5 f5 42. b6 Kd5 43. Kf3 Kc6 44. g4 g6 45. Ke3 fxg4 46. f3 Kxb6 0-1

[Event "Madrid Oliver Gonzalez Memorial 1st"]
[Site "Madrid"]
[Date "2010.10.09"]
[Round "1"]
[White "Semprun Martinez, Fernando M"]
[Black "Gonzalo Gonzalez, Francisco"]
[Result "1-0"]
[WhiteElo "2173"]
[BlackElo "1784"]
[PlyCount "53"]
[EventDate "2010.10.09"]
[EventType "swiss"]
[EventRounds "9"]
[EventCountry "ESP"]
[SourceTitle "CBM 138 Extra"]
[Source "ChessBase"]
[SourceDate "2010.10.29"]
[SourceVersion "1"]
[SourceVersionDate "2010.10.29"]
[SourceQuality "1"]

1. e4 c5 2. Nf3 Nc6 3. d4 cxd4 4. Nxd4 d6 5. Nc3 Nf6 6. Bg5 g6 7. Bxf6 exf6 8. Qd2 Bg7 9. 0-0-0 0-0 10. Ndb5 Qe7 11. Qxd6 a6 12. Qxe7 Nxe7 13. Nd6 b5 14. a4 b4 15. Nd5 Nxd5 16. exd5 Bd7 17. Nc4 Bxa4 18. Nb6 Bxc2 19. Kxc2 Rab8 20. Nd7 Rfc8+ 21. Kb1 Ra8 22. Nb6 a5 23. d6 Rab8 24. Nxc8 Rxc8 25. d7 Rd8 26. Bb5 f5 27. Rhe1 1-0

[Event "Collado Villalba op-A 27th"]
[Site "Collado Villalba"]
[Date "2010.08.25"]
[Round "6"]
[White "Gonzalo Gonzalez, Francisco"]
[Black "Perez Pascual, Arturo"]
[Result "0-1"]
[WhiteElo "1780"]
[BlackElo "1999"]
[PlyCount "94"]
[EventDate "2010.08.20"]
[EventType "swiss"]
[EventRounds "10"]
[EventCountry "ESP"]
[SourceTitle "CBM 138 Extra"]
[Source "ChessBase"]
[SourceDate "2010.10.29"]
[SourceVersion "1"]
[SourceVersionDate "2010.10.29"]
[SourceQuality "1"]

1. e4 e5 2. Nf3 Nf6 3. Nc3 Bb4 4. d3 d5 5. Bd2 0-0 6. Nxe5 Re8 7. f4 dxe4 8. Nxe4 Nxe4 9. dxe4 Qd4 10. c3 Qxe4+ 11. Qe2 Qxe2+ 12. Bxe2 Bd6 13. 0-0-0 Nd7 14. Bb5 c6 15. Bc4 Nxe5 16. fxe5 Bxe5 17. Rde1 Bd7 18. Re3 Bf6 19. Rf3 b5 20. Bd3 c5 21. h4 c4 22. Bc2 Re2 23. Bg5 Be5 24. Re3 Rxe3 25. Bxe3 Bc6 26. Rg1 Bg3 27. h5 a6 28. h6 Re8 29. Kd2 g6 30. Bd1 Rd8+ 31. Kc1 Rd3 32. Bd2 f5 33. Be2 Rd6 34. Bf3 Bxf3 35. gxf3 f4 36. Kd1 Kf7 37. Ke2 g5 38. Rh1 Kg6 39. b3 Re6+ 40. Kd1 g4 41. fxg4 Kg5 42. bxc4 bxc4 43. Rh5+ Kxg4 44. Rc5 Kh3 45. Rxc4 f3 46. Rc5 f2 47. Rh5+ Kg2 0-1

[Event "ESP-ch Veterans"]
[Site "Madrid"]
[Date "2010.02.12"]
[Round "5"]
[White "Fernandez Garcia, Ignacio"]
[Black "Gonzalo Gonzalez, Francisco"]
[Result "1-0"]
[WhiteElo "1905"]
[BlackElo "1761"]
[PlyCount "67"]
[EventDate "2010.02.08"]
[EventType "swiss"]
[EventRounds "9"]
[EventCountry "ESP"]
[SourceTitle "CBM 134 Extra"]
[Source "ChessBase"]
[SourceDate "2010.03.03"]
[SourceVersion "1"]
[SourceVersionDate "2010.03.03"]
[SourceQuality "1"]

1. e4 c5 2. f4 Nc6 3. Bc4 Na5 4. Be2 d6 5. c3 Nf6 6. d3 g6 7. Nf3 Bg4 8. 0-0 Bg7 9. h3 Be6 10. g4 Qb6 11. c4 h5 12. g5 Nd7 13. Kh2 0-0-0 14. Nc3 f6 15. Bd2 Bf7 16. a3 Nc6 17. b4 fxg5 18. Nxg5 Rdf8 19. Rb1 Qc7 20. Nb5 Qb8 21. Be3 a6 22. bxc5 axb5 23. cxb5 Nd4 24. c6 Nb6 25. cxb7+ Kxb7 26. a4 Nxe2 27. Qxe2 Nxa4 28. Nxf7 Nc3 29. Qf3 Nxb1 30. e5+ Kc8 31. Rc1+ Kd7 32. Qc6+ Ke6 33. Ng5+ Kf5 34. Qe4# 1-0

[Event "ESP-ch Veterans"]
[Site "Madrid"]
[Date "2010.02.10"]
[Round "3"]
[White "Gonzalo Gonzalez, Francisco"]
[Black "Leniz Martinez, Francisco"]
[Result "1/2-1/2"]
[WhiteElo "1761"]
[BlackElo "1845"]
[PlyCount "92"]
[EventDate "2010.02.08"]
[EventType "swiss"]
[EventRounds "9"]
[EventCountry "ESP"]
[SourceTitle "CBM 134 Extra"]
[Source "ChessBase"]
[SourceDate "2010.03.03"]
[SourceVersion "1"]
[SourceVersionDate "2010.03.03"]
[SourceQuality "1"]

1. e4 c5 2. Nf3 e6 3. Nc3 a6 4. d4 cxd4 5. Nxd4 Qc7 6. Bd3 Nf6 7. Qf3 d6 8. Bd2 Bd7 9. g4 Nc6 10. Nxc6 Bxc6 11. 0-0-0 0-0-0 12. h3 Ne8 13. Qe2 g6 14. Nb1 Bg7 15. Qe1 Qb6 16. b3 Qa7 17. c4 Rd7 18. Rf1 Nc7 19. f4 Bd4 20. f5 Bb6 21. Rf3 Re7 22. Qh4 Rd7 23. Bc2 Bd4 24. Rdf1 b5 25. fxe6 fxe6 26. Rf8+ Rxf8 27. Rxf8+ Kb7 28. cxb5 axb5 29. Bc3 Qc5 30. b4 Qe5 31. Qe1 Qg7 32. Rf3 Bxc3 33. Rxc3 Rf7 34. a3 Qf8 35. Kb2 Rf3 36. Qh4 Rxc3 37. Nxc3 Qg7 38. Qg3 e5 39. Qe3 Qe7 40. Bb3 Qd7 41. Qd2 Kb6 42. Qh6 Kb7 43. Bg8 d5 44. Bxh7 d4 45. Nd5 Bxd5 46. exd5 Qxd5 1/2-1/2

[Event "ESP-ch Veterans"]
[Site "Madrid"]
[Date "2010.02.08"]
[Round "1"]
[White "Gonzalo Gonzalez, Francisco"]
[Black "Moragrega Herrero, Juan Jose"]
[Result "1-0"]
[WhiteElo "1761"]
[BlackElo "1981"]
[PlyCount "79"]
[EventDate "2010.02.08"]
[EventType "swiss"]
[EventRounds "9"]
[EventCountry "ESP"]
[SourceTitle "CBM 134 Extra"]
[Source "ChessBase"]
[SourceDate "2010.03.03"]
[SourceVersion "1"]
[SourceVersionDate "2010.03.03"]
[SourceQuality "1"]

1. e4 e6 2. Nc3 d5 3. exd5 exd5 4. Nf3 c6 5. d4 Bd6 6. Bd3 Bg4 7. 0-0 Ne7 8. h3 Bh5 9. Bg5 f6 10. Bh4 0-0 11. Re1 Qc7 12. Bg3 Bxg3 13. fxg3 Bg6 14. Qe2 Rf7 15. Nh4 Qxg3 16. Nxg6 hxg6 17. Qe6 Qc7 18. Re2 Nd7 19. Rae1 Nf8 20. Qg4 Rd8 21. Na4 b6 22. b3 Qd6 23. Re3 Rd7 24. Nc3 f5 25. Qh4 Nh7 26. Re6 Qb4 27. Nd1 Nf6 28. c3 Qa3 29. R1e2 Ne4 30. Qf4 g5 31. Qb8+ Rf8 32. Qe5 Qc1 33. Bc2 Kf7 34. g3 Rh8 35. Kg2 Rf8 36. Ne3 Nxc3 37. Rf2 Ne4 38. Bxe4 Qxe3 39. Rxe7+ Rxe7 40. Qxf5+ 1-0

[Event "ESP-ch Veterans"]
[Site "Sabadell"]
[Date "2009.12.18"]
[Round "7"]
[White "Sogues Tena, Pilar"]
[Black "Gonzalo Gonzalez, Francisco"]
[Result "0-1"]
[WhiteElo "1553"]
[BlackElo "1781"]
[PlyCount "160"]
[EventDate "2009.12.12"]
[EventType "swiss"]
[EventRounds "7"]
[EventCountry "ESP"]
[SourceTitle "CBM 133 Extra"]
[Source "ChessBase"]
[SourceDate "2010.01.05"]
[SourceVersion "1"]
[SourceVersionDate "2010.01.05"]
[SourceQuality "1"]

1. e4 c5 2. Nf3 Nc6 3. d4 cxd4 4. Nxd4 d6 5. Nc3 g6 6. Bb5 Bd7 7. Be3 Bg7 8. Nxc6 bxc6 9. Ba4 Nf6 10. 0-0 0-0 11. Qd2 Ng4 12. Bf4 Rb8 13. h3 Nf6 14. Bb3 Rb4 15. f3 Nh5 16. Be3 Rb7 17. Bh6 Qb6+ 18. Kh2 Qa5 19. Bxg7 Kxg7 20. Rad1 Qc7 21. Qd4+ Kg8 22. g3 d5 23. f4 e6 24. exd5 exd5 25. Rde1 Ng7 26. Qe5 Qc8 27. g4 Re8 28. Qg5 Rxe1 29. Rxe1 Qb8 30. Qe5 Qd8 31. g5 Qb6 32. Kg2 Nf5 33. Na4 Qa5 34. Qc3 Qd8 35. Nc5 Rb8 36. Qe5 Rc8 37. c3 Be8 38. Bc2 Ng7 39. Qe7 Qb6 40. b4 Nh5 41. Qe5 a5 42. a3 Ra8 43. f5 axb4 44. axb4 Qb8 45. fxg6 Nf4+ 46. Kg3 Nh5+ 47. Kg4 hxg6 48. Qxb8 Rxb8 49. Re7 Rd8 50. Nb7 Ra8 51. Nd6 Kf8 52. Rc7 Ra2 53. Bb3 Rg2+ 54. Kf3 Rg3+ 55. Kf2 Rxc3 56. Bd1 Ng7 57. Rc8 Ke7 58. Nxe8 Nxe8 59. b5 Nd6 60. Rxc6 Rxc6 61. bxc6 Ne4+ 62. Ke3 Nxg5 63. h4 Ne6 64. Bf3 Kd6 65. h5 gxh5 66. Bxh5 f6 67. Bg4 Nd8 68. c7 Kxc7 69. Kd4 Kd6 70. Bd1 Ne6+ 71. Ke3 Ke5 72. Bb3 d4+ 73. Kd2 Nc5 74. Bd1 f5 75. Ke2 Ke4 76. Bc2+ d3+ 77. Bxd3+ Nxd3 78. Kd2 f4 79. Ke2 f3+ 80. Kf1 Ke3 0-1

[Event "ESP-ch Veterans"]
[Site "Sabadell"]
[Date "2009.12.14"]
[Round "3"]
[White "Gonzalo Gonzalez, Francisco"]
[Black "Febrero Perez, Lluis"]
[Result "0-1"]
[WhiteElo "1781"]
[BlackElo "1599"]
[PlyCount "94"]
[EventDate "2009.12.12"]
[EventType "swiss"]
[EventRounds "7"]
[EventCountry "ESP"]
[SourceTitle "CBM 133 Extra"]
[Source "ChessBase"]
[SourceDate "2010.01.05"]
[SourceVersion "1"]
[SourceVersionDate "2010.01.05"]
[SourceQuality "1"]

1. e4 e5 2. Nf3 Nc6 3. Bc4 Bc5 4. c3 Nf6 5. d3 0-0 6. Bg5 h6 7. Bh4 g5 8. Bg3 Ne7 9. Bxe5 Ng6 10. Bg3 d5 11. exd5 Re8+ 12. Kd2 Nxd5 13. Re1 Be6 14. d4 Ndf4 15. Bxe6 Rxe6 16. Rxe6 Nxe6 17. Kc2 Bd6 18. Nbd2 c5 19. Bxd6 Qxd6 20. Ne4 Qf4 21. Qd3 cxd4 22. g3 Qf5 23. Nxd4 Nxd4+ 24. cxd4 Rc8+ 25. Kd2 Qa5+ 26. Ke3 Qb6 27. b3 Ne5 28. Qe2 Re8 29. f4 Nc6 30. Qc4 Kg7 31. f5 Ne5 32. Qc2 Ng4+ 33. Kd3 Qb5+ 34. Qc4 Qxf5 35. Kc3 Qxe4 36. Kb4 Qe7+ 37. Kc3 Qe3+ 38. Kb4 Qd2+ 39. Kb5 a6+ 40. Kb6 Ne3 41. Qc5 Qg2 42. Ka7 b6 43. Kxb6 Rb8+ 44. Kc7 Qb7+ 45. Kd6 Rd8+ 46. Ke5 Re8+ 47. Kd6 Re6# 0-1

[Event "Collado Villalba op-A 26th"]
[Site "Collado Villalba"]
[Date "2009.08.25"]
[Round "5"]
[White "Gonzalo Gonzalez, Francisco"]
[Black "Jimenez Gonzalez, Marcos"]
[Result "0-1"]
[WhiteElo "1853"]
[BlackElo "1897"]
[PlyCount "92"]
[EventDate "2009.08.21"]
[EventType "swiss"]
[EventRounds "9"]
[EventCountry "ESP"]
[SourceTitle "CBM 132 Extra"]
[Source "ChessBase"]
[SourceDate "2009.11.03"]
[SourceVersion "1"]
[SourceVersionDate "2009.11.03"]
[SourceQuality "1"]

1. e4 e6 2. Nf3 d5 3. exd5 exd5 4. Nc3 Nf6 5. d4 Be7 6. Bf4 c6 7. Bd3 0-0 8. h3 Re8 9. Ne5 Ne4 10. Nxe4 dxe4 11. Bxe4 Be6 12. Qd3 g6 13. Bxg6 hxg6 14. Nxg6 Bg5 15. 0-0 Qf6 16. Qg3 Qxg6 17. Bxg5 f6 18. Bxf6 Qxg3 19. fxg3 Nd7 20. Bg5 c5 21. c3 Rac8 22. Rf2 cxd4 23. cxd4 Nb6 24. b3 Bd5 25. Rd2 Re4 26. Rf1 Rce8 27. Rff2 Bc6 28. Bf6 Nd7 29. Bg5 Nb6 30. h4 Nd5 31. Kh2 Bd7 32. Bf6 Ne3 33. Kg1 Ng4 34. Be5 Nxf2 35. Rxf2 Re1+ 36. Kh2 Rf8 37. Bf4 Bg4 38. Rc2 Rc8 39. Rc4 Rxc4 40. bxc4 Kf7 41. d5 Re2 42. Kg1 Rxa2 43. c5 Rc2 44. Be3 a5 45. Kf1 a4 46. Ke1 Re2+ 0-1

[Event "Collado Villalba op-A 26th"]
[Site "Collado Villalba"]
[Date "2009.08.24"]
[Round "4"]
[White "Laynez Aspenberg, Jose Miguel"]
[Black "Gonzalo Gonzalez, Francisco"]
[Result "1-0"]
[WhiteElo "1932"]
[BlackElo "1853"]
[PlyCount "57"]
[EventDate "2009.08.21"]
[EventType "swiss"]
[EventRounds "9"]
[EventCountry "ESP"]
[SourceTitle "CBM 132 Extra"]
[Source "ChessBase"]
[SourceDate "2009.11.03"]
[SourceVersion "1"]
[SourceVersionDate "2009.11.03"]
[SourceQuality "1"]

1. d4 e5 2. dxe5 Nc6 3. Nf3 Qe7 4. Nc3 Nxe5 5. e4 Nf6 6. Bg5 c6 7. Be2 d6 8. Qd4 Bd7 9. 0-0-0 h6 10. Bf4 c5 11. Qd2 0-0-0 12. Rhe1 Qe6 13. Kb1 Neg4 14. Bg3 Nxe4 15. Nxe4 Qxe4 16. h3 Ne5 17. Nxe5 dxe5 18. Bb5 Qd4 19. Qa5 Qb4 20. Qxa7 Bd6 21. Bxd7+ Kxd7 22. Bxe5 Kc6 23. Bc3 Qc4 24. Bxg7 Ra8 25. Rxd6+ Kxd6 26. Qb6+ Kd7 27. Qxb7+ Kd6 28. Rd1+ Ke6 29. Qd7# 1-0

[Event "Galapagar op 10th"]
[Site "Galapagar"]
[Date "2009.07.25"]
[Round "8"]
[White "Gonzalo Gonzalez, Francisco"]
[Black "Ledo Galan, Jose Emilio"]
[Result "0-1"]
[WhiteElo "1853"]
[BlackElo "1969"]
[PlyCount "62"]
[EventDate "2009.07.18"]
[EventType "swiss"]
[EventRounds "9"]
[EventCountry "ESP"]
[SourceTitle "EXT 2010"]
[Source "ChessBase"]
[SourceDate "2010.11.25"]
[SourceVersion "1"]
[SourceVersionDate "2010.11.25"]
[SourceQuality "1"]

1. e4 e6 2. Nc3 d5 3. Nf3 d4 4. Ne2 c5 5. d3 Nc6 6. e5 Nge7 7. Bg5 Qc7 8. Bf4 Ng6 9. g3 Ngxe5 10. Nxe5 Nxe5 11. Bg2 Bd6 12. Qd2 Bd7 13. c3 Bc6 14. Bxe5 Bxe5 15. f3 Rd8 16. 0-0 0-0 17. f4 Bxg2 18. Kxg2 Qc6+ 19. Rf3 Bf6 20. cxd4 Bxd4 21. Rc1 Qb5 22. Rc2 Rd7 23. Qc1 b6 24. Nxd4 Rxd4 25. Rc3 Rfd8 26. Kh3 Rxd3 27. f5 Rxf3 28. Rxf3 Qe2 29. Qc3 Rd2 30. fxe6 Qxe6+ 31. g4 Qh6+ 0-1

[Event "Parla 25 Jubilee op"]
[Site "Parla"]
[Date "2008.09.07"]
[Round "2"]
[White "Solaesa Navalpotro, Luis Julio"]
[Black "Gonzalo Gonzalez, Francisco"]
[Result "1-0"]
[WhiteElo "2216"]
[BlackElo "1858"]
[PlyCount "87"]
[EventDate "2008.09.06"]
[EventType "swiss"]
[EventRounds "9"]
[EventCountry "ESP"]
[SourceTitle "CBM 126 Extra"]
[Source "ChessBase"]
[SourceDate "2008.11.05"]
[SourceVersion "1"]
[SourceVersionDate "2008.11.05"]
[SourceQuality "1"]

1. d4 e5 2. dxe5 Nc6 3. Nf3 Qe7 4. Qd5 f6 5. exf6 Nxf6 6. Qd1 d5 7. c3 Be6 8. e3 0-0-0 9. Nbd2 Ne4 10. Qc2 Nxd2 11. Bxd2 g6 12. Nd4 Bd7 13. Nxc6 Bxc6 14. 0-0-0 Bg7 15. f4 Rd6 16. Bd3 d4 17. exd4 Bxg2 18. Rhg1 Bh3 19. f5 gxf5 20. Bxf5+ Bxf5 21. Qxf5+ Qd7 22. Rdf1 Qxf5 23. Rxf5 Rf6 24. Rxf6 Bxf6 25. Rf1 Be7 26. Kc2 h5 27. Rf7 Bd6 28. h4 b5 29. Kd3 Kd8 30. Bg5+ Ke8 31. Rf5 a6 32. a4 c6 33. Rf6 Kd7 34. a5 b4 35. Rf7+ Ke6 36. Ra7 bxc3 37. bxc3 Rf8 38. Ke4 Rf1 39. Rxa6 Re1+ 40. Kd3 Kd7 41. Ra7+ Kc8 42. a6 Kb8 43. Rd7 Re6 44. Rxd6 1-0

[Event "Collado Villalba op-A 25th"]
[Site "Collado Villalba"]
[Date "2008.08.30"]
[Round "9"]
[White "Ramos Rodriguez, Francisco"]
[Black "Gonzalo Gonzalez, Francisco"]
[Result "0-1"]
[WhiteElo "1822"]
[BlackElo "1858"]
[PlyCount "48"]
[EventDate "2008.08.22"]
[EventType "swiss"]
[EventRounds "9"]
[EventCountry "ESP"]
[SourceTitle "EXT 2009"]
[Source "ChessBase"]
[SourceDate "2008.11.26"]
[SourceVersion "1"]
[SourceVersionDate "2008.11.26"]
[SourceQuality "1"]

1. e4 c5 2. Nf3 Nc6 3. d4 cxd4 4. Nxd4 d6 5. Bb5 Bd7 6. 0-0 Nf6 7. Qd3 Qc7 8. Bxc6 bxc6 9. Re1 g6 10. Nc3 Bg7 11. b3 0-0 12. Rb1 Qb6 13. Be3 Qc7 14. h3 Nh5 15. g4 Nf6 16. f4 a6 17. Nf3 Rfd8 18. Qc4 Be6 19. Qd3 Bc8 20. Na4 Rb8 21. Qe2 Nxe4 22. Bb6 Rxb6 23. Nxb6 Qxb6+ 24. Kg2 d5 0-1

[Event "Galapagar op 09th"]
[Site "Galapagar"]
[Date "2008.07.21"]
[Round "3"]
[White "Gonzalo Gonzalez, Francisco"]
[Black "Cabanas Bravo, Juan Andres"]
[Result "0-1"]
[WhiteElo "1858"]
[BlackElo "2019"]
[PlyCount "98"]
[EventDate "2008.07.19"]
[EventType "swiss"]
[EventRounds "9"]
[EventCountry "ESP"]
[SourceTitle "EXT 2009"]
[Source "ChessBase"]
[SourceDate "2008.11.26"]
[SourceVersion "1"]
[SourceVersionDate "2008.11.26"]
[SourceQuality "1"]

1. e4 e5 2. Nf3 Nc6 3. Bc4 Bc5 4. c3 Nf6 5. b4 Bb6 6. d3 d6 7. Bg5 h6 8. Bh4 g5 9. Nxg5 hxg5 10. Bxg5 Rg8 11. h4 Bg4 12. f3 Be6 13. Bd5 Bxd5 14. exd5 Nb8 15. Nd2 Nbd7 16. Ne4 Qe7 17. a4 a5 18. b5 0-0-0 19. g4 Rxg5 20. Nxg5 Nxd5 21. Ne4 Nc5 22. Nxc5 Bxc5 23. Qd2 Nxc3 24. Qg5 Qxg5 25. hxg5 Be3 26. Ra3 Nd5 27. Rh7 Bxg5 28. Rxf7 Rh8 29. d4 exd4 30. Kf2 Be3+ 31. Kg3 Nb4 32. Re7 Bg5 33. Rf7 Bh4+ 34. Kf4 d3 35. Kf5 d2 36. Ra1 Nc2 37. Rb1 Ne3+ 38. Kg6 d1Q 39. Rxd1 Nxd1 40. f4 Nf2 41. Kg7 Re8 42. g5 Nh3 43. g6 Bg3 44. f5 Ng5 45. Kf6 Nxf7 46. Kxf7 Kd7 47. f6 Be5 48. g7 d5 49. Kg6 Bxf6 0-1

[Event "Madrid-ch Seniors"]
[Site "Madrid"]
[Date "2008.02.08"]
[Round "3"]
[White "Rodriguez Bachiller, Luis"]
[Black "Gonzalo Gonzalez, Francisco"]
[Result "1-0"]
[WhiteElo "1898"]
[BlackElo "1862"]
[PlyCount "93"]
[EventDate "2008.02.05"]
[EventType "swiss"]
[EventRounds "7"]
[EventCountry "ESP"]
[SourceTitle "EXT 2010"]
[Source "ChessBase"]
[SourceDate "2010.11.25"]
[SourceVersion "1"]
[SourceVersionDate "2010.11.25"]
[SourceQuality "1"]

1. e4 c5 2. Nf3 Nc6 3. Bb5 Nf6 4. Nc3 g6 5. Bxc6 bxc6 6. d3 Bg7 7. 0-0 0-0 8. Be3 d6 9. h3 Bd7 10. Qd2 Qc8 11. Bh6 Nh5 12. Bxg7 Kxg7 13. Kh2 Qc7 14. g3 f5 15. Qe2 Qc8 16. Ng1 fxe4 17. Nxe4 Rb8 18. b3 Re8 19. c4 Nf6 20. f4 Bf5 21. Qf3 Qd7 22. g4 Bxe4 23. dxe4 d5 24. cxd5 cxd5 25. exd5 Qxd5 26. Rad1 Qb7 27. Qc3 Qb4 28. Qe5 Kg8 29. Nf3 Rb6 30. f5 Ra6 31. Qe2 Qf4+ 32. Kh1 Rb6 33. fxg6 hxg6 34. Qe5 Qh6 35. Kg2 Qh7 36. Qxc5 Reb8 37. Rde1 R6b7 38. Nd4 Rd8 39. Re2 Qf7 40. Ne6 Re8 41. g5 Rb6 42. gxf6 Rxe6 43. Rxe6 exf6 44. Rxe8+ Qxe8 45. Qc4+ Kh8 46. Qh4+ Kg8 47. Qxf6 1-0

[Event "Madrid-ch Seniors"]
[Site "Madrid"]
[Date "2008.02.05"]
[Round "1"]
[White "Garcia Esteban, Juan Ignacio"]
[Black "Gonzalo Gonzalez, Francisco"]
[Result "1-0"]
[WhiteElo "2096"]
[BlackElo "1862"]
[PlyCount "62"]
[EventDate "2008.02.05"]
[EventType "swiss"]
[EventRounds "7"]
[EventCountry "ESP"]
[SourceTitle "EXT 2010"]
[Source "ChessBase"]
[SourceDate "2010.11.25"]
[SourceVersion "1"]
[SourceVersionDate "2010.11.25"]
[SourceQuality "1"]

1. e4 c5 2. Nf3 Nc6 3. Bb5 g6 4. 0-0 Bg7 5. c3 Nf6 6. Re1 0-0 7. d4 Qb6 8. Na3 cxd4 9. cxd4 d6 10. h3 a6 11. Ba4 Nh5 12. Nc2 Qc7 13. Bg5 b5 14. Bb3 Na5 15. Bd5 Rb8 16. Nb4 e6 17. Rc1 Nc4 18. b3 exd5 19. Nxd5 Qa5 20. bxc4 f6 21. Bd2 Qd8 22. g4 Qd7 23. cxb5 Rxb5 24. Rc7 Qd8 25. Rxc8 Qd7 26. Rxf8+ Kxf8 27. gxh5 Qxh3 28. Nh2 gxh5 29. Qf3 Qe6 30. Nc7 Qxa2 31. Nxb5 Qxd2 1-0